000 00571nam a2200193 i 4500
001 51418
003 ES-MaACL
005 20250828063242.0
007 t|
008 030813s1931 fr ||||1| fre d
100 1 _aAlain,
_d1868-1951
_919080
245 1 0 _aVingt leçons sur les beaux- arts /
_cAlain, Emile August Chartier [seud.].
260 _aParis :
_bGallimard,
_c1931.
300 _a299 p. ;
_c19 cm.
490 1 _aNouvelle Revue française
830 0 _aNouvelle Revue française
_9189180
852 _aES-MaACL
_jA-2421
999 _c51418
_d51418